00349nam a2200133Ia 4500008004100000041000800041082001400049100002700063245004500090250001400135260002800149300003100177365000700208240624s9999 xx 000 0 und d aeng a332.1 BHA aBHATTACHARYA HRISHIKES aBANKING STRATEGY CREDIT APPRAISAL AND LE a(2nd ed.) c2011aNew DelhibOxford axix, : 562 : p. : cm. ; 23 cRS